Dewponds in fable and fact (Record no. 86795)

MARC details
000 -LEADER
fixed length control field 00369cam a2200169 4500
001 - CONTROL NUMBER
control field D13655
008 - FIXED-LENGTH DATA ELEMENTS--GENERAL INFORMATION
fixed length control field 090401t1939 xxu||||| |||| 00| 0 eng d
035 ## - SYSTEM CONTROL NUMBER
System control number (Sirsi) u11019
041 ## - LANGUAGE CODE
Language code of text/sound track or separate title eng
100 ## - MAIN ENTRY--PERSONAL NAME
Personal name Pugsley, A.J.
245 ## - TITLE STATEMENT
Title Dewponds in fable and fact
260 ## - PUBLICATION, DISTRIBUTION, ETC.
Name of publisher, distributor, etc. Country Life
Date of publication, distribution, etc. 1939
300 ## - PHYSICAL DESCRIPTION
Extent 62p
350 ## - PRICE (NR) (BK AM CF MU VM SE) [OBSOLETE]
Price 0
942 ## - ADDED ENTRY ELEMENTS (KOHA)
Suppress in OPAC 0
948 ## - LOCAL PROCESSING INFORMATION (OCLC); SERIES PART DESIGNATOR (RLIN)
c (OCLC) 04/03/1997
Holdings
Withdrawn status Lost status Source of classification or shelving scheme Damaged status Not for loan Home library Current library Shelving location Date acquired Total Checkouts Full call number Barcode Date last seen Copy number Price effective from Koha item type
    Other/Generic Classification Scheme     London London Basement 14/09/1999   RESERVE SHELVES 30014047 06/08/2019 1 06/08/2019 Reference material